00552nam a22001697a 450000500170000001000150001702000260003203500130005803700130007110000200008424501150010426000370021927000540025630000270031070000180033770000270035520130117153941.0 aENG-106629 a9788171327195c850.00 aEN-90162 bDBAD/PUB aSivamurugan, C. aIssues, challenges and reforms in higher education /cby C. Sivamurugan, D. Sivakumar [and] Shakespeare Isreal aJaipurbPointer Publishersc2013 a807, Vyas Building, Chaura Rasta bJaipure302003 axvii, 230p.c20cm (Hb) aSivakumar, D. aIsreal, S. Shakespeare